LIBRARY & INFORMATION CENTRE, KCAET, TAVANUR

ONLINE PUBLIC ACCESS CATALOGUE (OPAC)

Black beauty / (Record no. 2599)

MARC details
000 -LEADER
fixed length control field 00434cam a2200181ua 4500
041 ## - LANGUAGE CODE
Language code of text/sound track or separate title eng
082 ## - DEWEY DECIMAL CLASSIFICATION NUMBER
Classification number 823.308
Item number SEW/BL
100 ## - MAIN ENTRY--AUTHOR NAME
Personal name Sewell, Anna .
245 ## - TITLE STATEMENT
Title Black beauty /
260 ## - PUBLICATION, DISTRIBUTION, ETC. (IMPRINT)
Place of publication London :
Name of publisher Universtiy of London Press Ltd ,
Year of publication 1961.
300 ## - PHYSICAL DESCRIPTION
Number of Pages 112 ; .
942 ## - ADDED ENTRY ELEMENTS (KOHA)
Koha item type Books
Holdings
Withdrawn status Lost status Damaged status Home library Current library Date acquired Full call number Accession Number Koha item type
Withdrawn     KAUAET Central Prison Tavanur 13/11/2023 823.308 SEW/BL 10943 Books
Withdrawn     KAUAET Sanskrit University 07/04/2012 823.308 10093 Books
Withdrawn     KAUAET Sanskrit University 07/04/2012 823.308 4141 Books
free website counter